| 000 | nam a22 7a 4500 | ||
|---|---|---|---|
| 999 |
_c332321 _d332321 |
||
| 003 | NUST | ||
| 005 | 20171123152048.0 | ||
| 008 | 171123b xxu||||| |||| 00| 0 eng d | ||
| 020 | _a9780195475036 | ||
| 040 | _c0 | ||
| 082 | _a954.91 BIO | ||
| 245 |
_aSINDH Through History and Representations : _bFrench Contributions to Sindhi Studies _cEdited by Michel Boivin |
||
| 260 |
_aKarachi _bOxford University _c2008 |
||
| 300 | _a146p. | ||
| 500 | _aH.B | ||
| 942 |
_2ddc _cBK _kIESE |
||